Lenguaje y Comunicación 7º Básico: texto para el estudiante

Na minha lista:
Detalhes bibliográficos
Main Authors: Fanta Fredes, Cecilia (Author), Recabarren Arancibia, Marcela (Author)
Formato: Livro
Idioma:espanhol
Publicado em: Santiago Sociedad Importadora de Libros Kuatro 2007
Assuntos:
Tags: Adicionar Tag
Sem tags, seja o primeiro a adicionar uma tag!

MARC

LEADER 00000nam a2200000 a 4500
001 UCI5591
003 CL-VaPUC
008 080404e20070000CL |||||||||||||||||spa|d
020 |a 9789568698003 
082 0 4 |a 372.41  |b FAN  |2 21 
100 0 |a Fanta Fredes, Cecilia  |e author  |9 528066 
700 0 |a Recabarren Arancibia, Marcela  |e author  |9 528067 
245 1 0 |a Lenguaje y Comunicación 7º Básico: texto para el estudiante 
300 |a 205 p 
942 |c BK 
945 |d 20080404 00:00:00  |a rbrito 
260 |a Santiago  |b Sociedad Importadora de Libros Kuatro  |c 2007 
650 0 |a Enseñanza de la lectura  |9 308364 
650 0 |a Lectura  |9 307634 
650 0 |a Comprensión   |9 339377 
650 0 |a Educación básica   |9 224933 
650 7 |a LIBROS DE TEXTOS  |2 CL-VaPUC  |9 528068 
583 |a last modification  |c 20170816 01:14:00  |k Rodrigo Vera 
999 |c 329331  |d 329329 
952 |0 0  |1 0  |4 0  |6 372_410000000000000_FAN_2007  |7 0  |8 A  |9 413742  |a BIBEDU  |b BIBEDU  |d 2019-11-22  |i 4434528  |o 372.41 FAN 2007  |p 4434528  |r 2019-11-22  |w 2019-11-22  |y BK  |k EBA 
952 |0 0  |1 0  |4 0  |6 372_410000000000000_FAN_2007  |7 0  |8 A  |9 413743  |a BIBEDU  |b BIBEDU  |d 2019-11-22  |i 4461886  |o 372.41 FAN 2007  |p 4461886  |r 2019-11-22  |w 2019-11-22  |y BK  |k EDU 
952 |0 0  |1 0  |4 0  |6 372_410000000000000_FAN_2007  |7 0  |8 A  |9 413744  |a BIBEDU  |b BIBEDU  |d 2019-11-22  |i 4461894  |o 372.41 FAN 2007  |p 4461894  |r 2019-11-22  |w 2019-11-22  |y BK  |k EDU